| 000 | 00487nam a2200205Ia 4500 | ||
|---|---|---|---|
| 008 | 170918s9999 xx 000 0 und d | ||
| 020 | _a9780545509138 | ||
| 050 | _bH321 2012 | ||
| 100 | _aHarrison, Paula | ||
| 245 | 4 | _aThe secret promise / | |
| 245 | _cby Paula Harrison. | ||
| 260 | _aNew York : | ||
| 260 | _bScholastic, | ||
| 260 | _c2012 | ||
| 300 | _a114 pages : | ||
| 300 | _billustrations : | ||
| 300 | _c19cm. | ||
| 300 | _eThe rescue princesses ; | ||
| 440 | _a1 | ||
| 999 |
_c344122 _d344122 |
||